Name Netflix TV Shows by pictures #3 - Statistics

General Stats
  • This quiz has been taken 164 times
  • The average score is 4 of 12
Answer Stats
Picture Answer % Correct
Peaky Blinders
80%
You
80%
The Queen's Gambit
75%
Lupin
44%
Never Have I Ever
44%
The Umbrella Academy
34%
All of Us Are Dead
30%
Black Mirror
18%
Locke & Key
14%
Griselda
9%
The End of the F***ing World
6%
Red Rose
2%
No matching quizzes found
Score Distribution
Percent of People with Each Score
Percentile by Number Answered
Your Score History
You have not taken this quiz